000 02397cam a2200289 4500500
005 20260208005008.0
041 _afre
042 _adc
100 1 0 _aOltarzewska, Jagna
_eauthor
245 0 0 _aFlights of Theory: The Lacanian Letter and its Translations
260 _c2008.
500 _a85
520 _aRésuméCet article a pour but d’examiner de près trois traductions en anglais de l’essai « La Signification du phallus » extrait des Écrits de Jacques Lacan. Les traductions de la lettre lacanienne offrent un terrain particulièrement fécond à qui s’intéresse à la traduction sous un angle théorique, car il est de notoriété publique que la lettre lacanienne résiste à toute tentative de la traduire en se posant « toujours-déjà » comme traduction des processus inconscients. J’étudie en parallèle les traductions d’Alan Sheridan, de Juliet Mitchell et de Bruce Fink. En m’appuyant sur les thèses du traductologue (et traducteur) Lawrence Venuti, je me propose de démontrer que la traduction (le « texte traduit ») relève tout autant de la conjoncture historico-linguistique dont elle est issue que des choix autonomes d’une quelconque conscience souveraine.
520 _aThis article engages with three translations into English of Lacan’s essay « La Signification du phallus ». Issues pertaining to the practice of translation as a discipline are contextualised and discussed through parallel readings of Lacan as rendered by Alan Sheridan, Juliet Mitchell and Bruce Fink. Borrowing from Lawrence Venuti’s work in the field, I propose that lexical variants afford insight into historical processes which inflect the translator’s choice of signifier, positioning the translator as witness and recorder of a linguistic conjuncture which inscribes its norms, standards and values into the fabric of the translated text.
690 _ahistoire
690 _ainscription
690 _aJacques Lacan
690 _aLawrence Venuti
690 _atraduction
690 _ahistory
690 _ainscription
690 _aJacques Lacan
690 _aLawrence Venuti
690 _atranslation
786 0 _nRevue française d’études américaines | 115 | 1 | 2008-04-03 | p. 89-101 | 0397-7870
856 4 1 _uhttps://shs.cairn.info/revue-francaise-d-etudes-americaines-2008-1-page-89?lang=fr&redirect-ssocas=7080
999 _c1650101
_d1650101